|
|
|
|
| LEADER |
00912nam a22002532a 4500 |
| 001 |
001173744 |
| 003 |
CZ BrMZK |
| 005 |
20120413131719.0 |
| 007 |
ta |
| 008 |
111012s1977 gw a er|||||||||||ger d |
| 040 |
|
|
|a ABA001
|b cze
|d ABA001
|
| 080 |
9 |
|
|a 830-94:92 Brecht,B."1938/1955"=3
|
| 080 |
9 |
|
|a 92 Brecht,B."1938/1955"(0:8-94)=3
|
| 100 |
1 |
|
|a Brecht, Bertolt,
|d 1898-1956
|7 jn19990001059
|4 aut
|
| 245 |
1 |
0 |
|a Arbeitsjournal 1938-1955 /
|c Bertolt Brecht ; herausgegeben von Werner Hecht ; mit einem Nachwort von Werner Mittenzwei
|
| 250 |
|
|
|a 1. Aufl.
|
| 260 |
|
|
|a Berlin :
|b Aufbau-Verlag,
|c 1977
|
| 300 |
|
|
|a 711 s. :
|b il.
|
| 700 |
1 |
|
|a Hecht, Werner,
|d 1926-
|7 jx20040930001
|4 edt
|
| 700 |
1 |
|
|a Mittenzwei, Werner,
|d 1927-2014
|7 jx20040824012
|4 wfw
|
| 910 |
|
|
|a BOA001
|b 2-0791.656
|
| 990 |
|
|
|a BK
|
| 991 |
|
|
|b 201110
|
| 996 |
7 |
|
|b 2619473124
|c 2-0791.656
|l MZK
|r Sklad / do 1 hodiny
|n 0
|w 001207343
|u 000010
|a 1
|e BOA001
|j MZK50
|s A
|